Manchester City Quiz - Statistics

General Stats
  • This quiz has been taken 236 times
  • The average score is 5 of 15
Answer Stats
Hint Answer % Correct
What 3 cups did the team win in 1969-1970? FA cup
77%
What player did city buy in 2008 which broke the british transfer record (£32,500,000) Robinho
71%
What team did they buy him from? Real Madrid
59%
How many English capped keeper have city provided for England? 5
56%
League cup
56%
After scoring over 100 goals in 1957/58, how many did they concede in the same season? 100
43%
European cup winners' cup
36%
What was the clubs first official name? Ardwick FC
21%
Who is city's all time top goal scorer with 178 goals? Eric Brook (494 appearances)
20%
Which year did the club first enter the football league? 1892
17%
What was manchester city the first club to do in 1937- 38? Relegated with a positive goal differance
15%
Who was the youngest player to play for the club Glyn Pardoe (15 years 314 days)
6%
What was the official highest capacity reached at Maine road? 88,000
4%
Who is the oldest player to play for the club? John Burride
1%
Who was the clubs first ever manager (1889-1893) Lawrence Furniss
1%
No matching quizzes found
Score Distribution
Percent of People with Each Score
Percentile by Number Answered
Your Score History
You have not taken this quiz